Vá com calma (Registo nº 21759)

Detalhes MARC
000 -Etiqueta do registo
Valores 00490nam a22001811i 4500
010 ## - Número ISBN
ISBN ISBN 85-7312-271-4
090 ## -
-- 21759
100 ## - Dados gerais de processamento
Dados gerais 20170304u u u0frey50 ba
101 0# - Língua de publicação
-- por
200 1# - Titulo e menção de responsabilidade
Primeira menção de responsabilidade Osho
Título próprio Vá com calma
Informação de outro título discursos sobre Zen-Budismo
210 ## - Publicação
Nome do editor Gente
Local de publicação São Paulo
Data de publicação 1999
215 ## - Descrição física 
Paginação / Volumes 204, [4] p.
Dimensões 21 cm
Outras indicações físicas Vol. 3
300 ## - Notas gerais 
Texto da nota Oferta de Jorge Araújo
700 #1 - Autor principal (pessoa individual)
Apelido Osho
-- 070
Datas 1931-1990
702 #1 - Autor secundário (pessoa individual)
Apelido Udbuddha
Nome Swami Anand
-- 730
801 ## - Fonte de origem
País PT
Regras de catalogação RPC
990 ## - Elementos KOHA
Tipo de documento Livro
Exemplares
Situação do levantamento Estado Biblioteca de origem Biblioteca de empréstimo Código de barras Cota Permissão de empréstimo Tipo de documento
  Completo Biblioteca Municipal de Viana Do Alentejo Biblioteca Municipal de Viana Do Alentejo 0027584 159.9 OSH Disponível Livro




Powered by Koha